Statistics for 2019 NBA Playoffs

Click here to take the quiz!

General Stats

  • This quiz has been taken 728 times
  • The average score is 29 of 40

Answer Stats

HintAnswer% Correct
First RoundToronto Raptors
93%
First RoundGolden State Warriors
92%
First RoundMilwaukee Bucks
92%
Conference SemifinalsToronto Raptors
92%
Conference FinalsToronto Raptors
91%
First RoundPhiladelphia 76ers
90%
NBA FinalsGolden State Warriors
89%
Conference FinalsGolden State Warriors
89%
Conference SemifinalsGolden State Warriors
89%
Conference SemifinalsPhiladelphia 76ers
89%
NBA FinalsToronto Raptors
89%
First RoundBoston Celtics
87%
Conference SemifinalsMilwaukee Bucks
87%
First RoundHouston Rockets
85%
Conference FinalsMilwaukee Bucks
85%
First RoundPortland Trail Blazers
84%
Conference SemifinalsBoston Celtics
83%
Conference SemifinalsHouston Rockets
83%
Conference SemifinalsPortland Trail Blazers
83%
Conference FinalsPortland Trail Blazers
82%
First RoundDenver Nuggets
78%
First RoundOklahoma City Thunder
78%
Conference SemifinalsDenver Nuggets
77%
First RoundDetroit Pistons
75%
First RoundLos Angeles Clippers
74%
Points NBA FinalsStephen Curry
74%
First RoundIndiana Pacers
73%
First RoundOrlando Magic
73%
First RoundBrooklyn Nets
71%
First RoundUtah Jazz
71%
First RoundSan Antonio Spurs
70%
Steals NBA FinalsKawhi Leonard
58%
Rebounds NBA FinalsDraymond Green
55%
Assists NBA FinalsDraymond Green
48%
Points PlayoffsJames Harden
47%
Blocks NBA FinalsSerge Ibaka
36%
Rebounds PlayoffsDrummond / Jokic
33%
Assists PlayoffsRussell Westbrook
30%
Blocks PlayoffsRudy Gobert
16%
Steals PlayoffsThaddeus Young
4%

Score Distribution

Percentile by Number Answered

Percent of People with Each Score

Your Score History

You have not taken this quiz